Giáo trình truyền động điện : Sách dùng cho các trường đào tạo hệ Trung học chuyên nghiệp và hệ cao đẳng kỹ thuật

Сохранить в:
Библиографические подробности
Главный автор:  Bùi Đình Tiếu
Формат: Sách
Язык:Undetermined
Опубликовано:  Giáo dục  2010
Предметы:
Метки: Добавить метку
Нет меток, Требуется 1-ая метка записи!
Thư viện lưu trữ: Trung tâm Thư viện - Trường Đại học Công nghiệp TP. Hồ Chí Minh
LEADER 00640nam a2200157Ia 4500
001 UIH_03404
008 231011s9999 xx 000 0 und d
082 |a  a621.462 
100 |a  Bùi Đình Tiếu 
245 0 |a  Giáo trình truyền động điện : Sách dùng cho các trường đào tạo hệ Trung học chuyên nghiệp và hệ cao đẳng kỹ thuật 
245 0 |c  Bùi Đình Tiếu 
260 |b  Giáo dục 
260 |c  2010 
650 |a  Động cơ điện;  
927 |a Sách 
980 |a Trung tâm Thư viện - Trường Đại học Công nghiệp TP. Hồ Chí Minh